000 00289nam a2200121Ia 4500
008 190216s9999||||xx |||||||||||||| ||und||
100 _aRabindranath Tagore
245 0 _aCreatiree Unity
260 _bLongman &green &co
_c1962
300 _a203p
650 _aEnglish Stories
942 _cBK
999 _c11565
_d11565